| 000 | 01092cam a2200349 4500 | ||
|---|---|---|---|
| 001 | 2209097 | ||
| 003 | ARRUPE | ||
| 005 | 20131126132837.0 | ||
| 008 | 740421s1973 enk b 001 0 eng | ||
| 010 | _a 74162411 | ||
| 015 | _aGB74-00626 | ||
| 020 | _a0140442790 | ||
| 040 |
_aDLC _cDLC _dDLC |
||
| 041 | 1 | _aenglat | |
| 050 | 0 | 0 |
_aPA6164 _b.H713 |
| 100 | 0 |
_aHorace. _93884 |
|
| 240 | 1 | 0 |
_aSatirae. _lEnglish |
| 245 | 0 | 4 |
_aThe satires of Horace and Persius; _ca verse translation with an introduction and notes by Niall Rudd. |
| 260 |
_aLondon, _bPenguin, _c1973. |
||
| 300 |
_a[7], 193 p. _c19 cm. |
||
| 350 | _a£0.40 | ||
| 490 | 0 | _aThe Penguin classics | |
| 500 | _aIncludes index. | ||
| 504 | _aBibliography: p. 186-189. | ||
| 650 | 0 |
_aVerse satire, Latin _xTranslations into English. _93885 |
|
| 650 | 0 |
_aLatin poetry _xTranslations into English. _93886 |
|
| 651 | 0 |
_aRome _xPoetry. _93887 |
|
| 700 | 2 | 2 |
_aPersius. _tSatyrae. _lEnglish. _f1973. _93888 |
| 700 | 1 |
_aRudd, Niall, _etr. _93889 |
|
| 906 |
_a7 _bcbc _corignew _d3 _encip _f19 _gy-gencatlg |
||
| 942 |
_2lcc _cMONOGRAPH |
||
| 999 |
_c118691 _d118691 |
||